Double Landlocked U.S. States - Statistics

General Stats
  • This quiz has been taken 47 times
  • The average score is 8 of 10
Answer Stats
Answer % Correct
Colorado
93%
Wyoming
91%
South Dakota
89%
Kansas
87%
Missouri
84%
Iowa
82%
Utah
82%
Illinois
80%
Indiana
80%
Wisconsin
67%
No matching quizzes found
Score Distribution
Percent of People with Each Score
Percentile by Number Answered
Your Score History
You have not taken this quiz